IFM Opac

Trade unions and the right to strike; a comparative socio-legal study in labour-management relations (Record no. 12942)

MARC details
000 -LEADER
fixed length control field 00377nam a22001217a 4500
082 ## - DEWEY DECIMAL CLASSIFICATION NUMBER
Classification number 331.89DHY
100 ## - MAIN ENTRY--PERSONAL NAME
Personal name DHYANI. S.N.
245 ## - TITLE STATEMENT
Title Trade unions and the right to strike; a comparative socio-legal study in labour-management relations
260 ## - PUBLICATION, DISTRIBUTION, ETC.
Place of publication, distribution, etc. Delhi
Name of publisher, distributor, etc. S. Chand
Date of publication, distribution, etc. 1970
300 ## - PHYSICAL DESCRIPTION
Extent xvi, 424 p.
Other physical details 23 cm.
500 ## - GENERAL NOTE
General note Includes bibliography, index and tables.
942 ## - ADDED ENTRY ELEMENTS (KOHA)
Koha item type Books
Holdings
Withdrawn status Lost status Damaged status Not for loan Home library Current library Shelving location Date acquired Total Checkouts Full call number Barcode Date last seen Price effective from Koha item type
Withdrawn       IFM Main Campus Library IFM Main Campus Library Archival Collection 10/23/2015   331.89DHY 0000015442 10/23/2015 02/19/2022 Books